[Event "2BLN 2223 HSK Lister Turm - Hamburger SK"]
[Site "?"]
[Date "2023.03.18"]
[Round "9.6"]
[White "Schulze, Torben"]
[Black "Woelk, Tom-Frederic"]
[Result "1/2-1/2"]
[WhiteElo "2325"]
[BlackElo "2289"]
[PlyCount "135"]
[EventDate "2023.??.??"]

1. e4 c5 2. Nf3 e6 3. d4 cxd4 4. Nxd4 Nc6 5. Nc3 Qc7 6. Be3 a6 7. Qf3 Nf6 8. O-O-O Ne5 9. Qg3 b5 10. Bxb5 Bb7 11. Bf4 Nh5 12. Bxe5 Nxg3 13. Bxc7 Nxh1 14. Rxh1 Rc8 15. Bg3 axb5 16. Ndxb5 Bc6 17. Nd6+ Bxd6 18. Bxd6 f5 19. e5 g5 20. Kd2 Kf7 21. Rg1 Bb7 22. Na4 Rc4 23. Nc5 Bc6 24. g3 Ra8 25. a3 Ra5 26. Nd3 Be4 27. b3 Rc6 28. Ra1 Rd5 29. Rd1 f4 30. gxf4 gxf4 31. f3 Bxf3 32. Rf1 Be4 33. Rxf4+ Bf5 34. Rf3 Rd4 35. c4 Rh4 36. Kc3 Rxh2 37. b4 Kg6 38. b5 Rc8 39. b6 Be4 40. Rg3+ Kf5 41. Nc5 Rxc5 42. Bxc5 h5 43. Rd3 h4 44. Rxd7 Rh3+ 45. Kb4 Rh1 46. Ka5 h3 47. b7 Rb1 48. Bb6 Bxb7 49. Rxb7 h2 50. Rh7 h1=Q 51. Rxh1 Rxh1 52. a4 Kxe5 53. Kb5 Kd6 54. Bc5+ Kc7 55. Bb6+ Kb7 56. a5 Rb1+ 57. Kc5 Rd1 58. Kb4 Kc6 59. Kc3 e5 60. Kc2 Rd7 61. Be3 Kb7 62. Kc3 Ka6 63. Bb6 e4 64. Kc2 Rd3 65. Bc7 Kb7 66. Bb6 Kc6 67. Bg1 Ra3 68. Bb6 1/2-1/2

[Event "2BLN 2223 HSK Lister Turm - Hamburger SK"]
[Site "?"]
[Date "2023.03.18"]
[Round "9.7"]
[White "Sehner, Norbert"]
[Black "Pubantz, Jan"]
[Result "0-1"]
[WhiteElo "2317"]
[BlackElo "2310"]
[PlyCount "112"]
[EventDate "2023.??.??"]

1. c4 c6 2. g3 d5 3. cxd5 cxd5 4. Bg2 e5 5. d4 e4 6. Nc3 Nc6 7. Nh3 Be7 8. Nf4 Nf6 9. h4 O-O 10. O-O Re8 11. a3 Bf5 12. Be3 Rc8 13. Rc1 Na5 14. b4 Nc4 15. Qb3 Rc6 16. b5 Na5 17. Qa2 Rd6 18. Bd2 Nc4 19. Nfxd5 Nxd2 20. Nxe7+ Rxe7 21. Qxd2 Rxd4 22. Qf4 Bg6 23. Rfd1 h6 24. e3 Rxd1+ 25. Rxd1 Qa5 26. Nd5 Nxd5 27. Rxd5 f6 28. Qd6 Qc7 29. Qb4 Re5 30. Rd4 Qc5 31. Qxc5 Rxc5 32. Rd8+ Kh7 33. h5 Rxh5 34. a4 a6 35. Bf1 axb5 36. Bxb5 Rc5 37. Rd7 Bh5 38. g4 Bxg4 39. Rxb7 Rc1+ 40. Kh2 Bf3 41. a5 h5 42. Kg3 Rg1+ 43. Kf4 Rg4+ 44. Kf5 h4 45. a6 h3 46. a7 h2 47. a8=Q h1=Q 48. Ke6 Rg5 49. Bc4 Qd1 50. Ke7 Re5+ 51. Be6 Qd5 52. Qg8+ Kh6 53. Rb1 Qc5+ 54. Kd7 Qa7+ 55. Kd6 Qa3+ 56. Kd7 Qd3+ 0-1

[Event "2BLN 2223 HSK Lister Turm - Hamburger SK"]
[Site "?"]
[Date "2023.03.18"]
[Round "9.8"]
[White "von Mettenheim, Johannes"]
[Black "Hommer, Jeremy"]
[Result "1-0"]
[WhiteElo "2298"]
[BlackElo "2251"]
[PlyCount "105"]
[EventDate "2023.??.??"]

1. d4 Nf6 2. c4 e6 3. Nf3 b6 4. g3 Bb7 5. Bg2 Be7 6. O-O O-O 7. Re1 Qc8 8. Nc3 Ne4 9. Nxe4 Bxe4 10. d5 Qb7 11. Ne5 Bxg2 12. Kxg2 b5 13. Qb3 d6 14. Nf3 exd5 15. cxd5 Nd7 16. e4 Bf6 17. Bf4 Rfe8 18. Rac1 a5 19. Qc2 Rac8 20. Be3 h6 21. Nd4 Nc5 22. Nc6 Nxe4 23. Bxh6 Nc5 24. Be3 Na4 25. Qb3 Ra8 26. Bd4 Bxd4 27. Nxd4 Nc5 28. Qf3 Nd7 29. Nc6 Ne5 30. Nxe5 Rxe5 31. Rxe5 dxe5 32. Rc5 Ra6 33. Qe2 f6 34. Qxb5 Rb6 35. Qe8+ Kh7 36. Qf7 Rd6 37. Rxa5 Kh6 38. b3 Kh7 39. Rc5 Kh6 40. Rxc7 Qxd5+ 41. Qxd5 Rxd5 42. a4 Ra5 43. Rb7 Kg6 44. Kf3 Ra8 45. Ke3 Ra5 46. Rb5 Ra8 47. a5 Kf5 48. b4 Ke6 49. Rb6+ Kd5 50. a6 Ra7 51. b5 Ra8 52. Rb7 Kc5 53. a7 1-0

[Event "2BLN 2223 SK Norderstedt - SK König Teg"]
[Site "?"]
[Date "2023.03.19"]
[Round "10.1"]
[White "Rabiega, Robert"]
[Black "Olszewski, Michal"]
[Result "1/2-1/2"]
[WhiteElo "2468"]
[BlackElo "2511"]
[PlyCount "71"]
[EventDate "2023.??.??"]

1. e4 e5 2. Nf3 Nc6 3. Bc4 Nf6 4. d3 h6 5. O-O d6 6. c3 g5 7. Nbd2 Bg7 8. Bb3 O-O 9. Nc4 Ne7 10. Re1 Ng6 11. d4 exd4 12. Nxd4 Nxe4 13. Rxe4 d5 14. Re1 dxc4 15. Bxc4 Ne5 16. Be2 c5 17. Nf3 Qxd1 18. Rxd1 Bg4 19. Be3 Rac8 20. Rd5 b6 21. a4 Nc6 22. Bb5 Be6 23. Rd6 Ne7 24. Ba6 Rcd8 25. Rxd8 Rxd8 26. h3 Nf5 27. a5 Nxe3 28. fxe3 Rb8 29. Bb5 bxa5 30. Rxa5 Bf6 31. c4 Rb7 32. b3 Bf5 33. Ba4 Bc2 34. Rxc5 Bxb3 35. Bxb3 Rxb3 36. Ra5 1/2-1/2

[Event "2BLN 2223 SK Norderstedt - SK König Teg"]
[Site "?"]
[Date "2023.03.19"]
[Round "10.2"]
[White "Ostrovskiy, Andrey"]
[Black "Richter, Michael"]
[Result "1/2-1/2"]
[WhiteElo "2418"]
[BlackElo "2466"]
[PlyCount "67"]
[EventDate "2023.??.??"]

1. e4 c5 2. Nf3 Nc6 3. d4 cxd4 4. Nxd4 Nf6 5. Nc3 e5 6. Ndb5 d6 7. Bg5 a6 8. Na3 b5 9. Nd5 Be7 10. Bxf6 Bxf6 11. c4 b4 12. Nc2 O-O 13. g3 g6 14. h4 Bg7 15. Bh3 f5 16. h5 Qa5 17. O-O Qc5 18. hxg6 hxg6 19. exf5 gxf5 20. Qh5 Ra7 21. Rad1 Raf7 22. Nce3 Qa7 23. Qg6 Nd4 24. Rxd4 exd4 25. Ng2 d3 26. Ngf4 d2 27. Nh5 Kh8 28. Bg2 Qd4 29. Bf3 Be5 30. Qh6+ Kg8 31. Qg5+ Kh8 32. Qh6+ Kg8 33. Qg5+ Kh8 34. Qh6+ 1/2-1/2

[Event "2BLN 2223 SK Norderstedt - SK König Teg"]
[Site "?"]
[Date "2023.03.19"]
[Round "10.3"]
[White "Bruedigam, Martin"]
[Black "Trent, Lawrence"]
[Result "1/2-1/2"]
[WhiteElo "2386"]
[BlackElo "2403"]
[PlyCount "55"]
[EventDate "2023.??.??"]

1. d4 Nf6 2. c4 e6 3. Nc3 d5 4. cxd5 exd5 5. Bg5 c6 6. e3 Be7 7. Bd3 O-O 8. Qc2 Nbd7 9. Nf3 Re8 10. O-O h6 11. Bf4 Bb4 12. a3 Bxc3 13. bxc3 Nh5 14. Be5 Nhf6 15. Bf4 Nh5 16. Be5 Nhf6 17. c4 Nxe5 18. Nxe5 c5 19. Nxf7 Kxf7 20. Bg6+ Kg8 21. Bxe8 Qxe8 22. dxc5 Be6 23. cxd5 Bxd5 24. Qc3 Bc6 25. Qb3+ Bd5 26. Qc3 Bc6 27. Qb3+ Bd5 28. Qc3 1/2-1/2

[Event "2BLN 2223 SK Norderstedt - SK König Teg"]
[Site "?"]
[Date "2023.03.19"]
[Round "10.4"]
[White "Barski, Radoslaw"]
[Black "Fruebing, Stefan"]
[Result "1/2-1/2"]
[WhiteElo "2442"]
[BlackElo "2336"]
[PlyCount "118"]
[EventDate "2023.??.??"]

1. e4 e5 2. Nf3 Nc6 3. Bb5 Nf6 4. d3 Bc5 5. c3 O-O 6. O-O d6 7. Nbd2 a6 8. Ba4 Ba7 9. h3 Ne7 10. Re1 Ng6 11. d4 b5 12. Bc2 c5 13. d5 c4 14. Nf1 Nd7 15. Bg5 f6 16. Be3 Nf4 17. Qd2 g5 18. b4 cxb3 19. axb3 Qc7 20. h4 h6 21. Bxa7 Rxa7 22. Ne3 Nb6 23. g3 Ng6 24. Nf5 Bxf5 25. exf5 Nh8 26. Be4 Nf7 27. Kg2 Rc8 28. Rac1 Kg7 29. Qe2 Rg8 30. Rh1 Raa8 31. Nd2 Nd7 32. b4 Qb7 33. Nb3 Nb6 34. Na5 Qd7 35. Qh5 Kf8 36. c4 bxc4 37. Nxc4 Rb8 38. Ne3 Nc8 39. Rc4 Ne7 40. Rhc1 Rb7 41. Ra1 Rb6 42. Rh1 Rh8 43. Ng4 Kg7 44. hxg5 Nxg5 45. Ne3 Qb7 46. Rhc1 Kf8 47. Ng4 Nxe4 48. Rxe4 Nxd5 49. Kh2 Rc6 50. Rec4 Rxc4 51. Rxc4 Rh7 52. Nxh6 Ne7 53. Rg4 Qb6 54. Qh4 Qxf2+ 55. Kh3 Qf1+ 56. Kh2 Qe2+ 57. Kh3 Qf1+ 58. Kh2 Qf2+ 59. Kh3 Qf1+ 1/2-1/2

[Event "2BLN 2223 SK Norderstedt - SK König Teg"]
[Site "?"]
[Date "2023.03.19"]
[Round "10.5"]
[White "Rietze, Clemens"]
[Black "Kopylov, Michael"]
[Result "1/2-1/2"]
[WhiteElo "2325"]
[BlackElo "2358"]
[PlyCount "46"]
[EventDate "2023.??.??"]

1. d4 Nf6 2. c4 c5 3. d5 e6 4. Nc3 exd5 5. cxd5 d6 6. Nf3 g6 7. Nd2 Bg7 8. e4 O-O 9. Be2 Re8 10. O-O Na6 11. Re1 Nc7 12. a4 b6 13. Bb5 Nxb5 14. axb5 Nd7 15. Qc2 Ne5 16. b3 Qh4 17. Bb2 f5 18. exf5 Bxf5 19. Nce4 Ng4 20. h3 Nxf2 21. Bxg7 Nxe4 22. Nxe4 Rxe4 23. Qc3 Rae8 1/2-1/2

[Event "2BLN 2223 SK Norderstedt - SK König Teg"]
[Site "?"]
[Date "2023.03.19"]
[Round "10.6"]
[White "Zierke, Oliver"]
[Black "Sarbok, Torsten"]
[Result "1/2-1/2"]
[WhiteElo "2238"]
[BlackElo "2337"]
[PlyCount "25"]
[EventDate "2023.??.??"]

1. d4 d5 2. c4 dxc4 3. Nf3 Nf6 4. e3 e6 5. Bxc4 c5 6. O-O cxd4 7. exd4 a6 8. a4 Nc6 9. Nc3 Nb4 10. Bg5 Be7 11. Qe2 O-O 12. Rfd1 h6 13. Bh4 1/2-1/2

[Event "2BLN 2223 SK Norderstedt - SK König Teg"]
[Site "?"]
[Date "2023.03.19"]
[Round "10.7"]
[White "Von Herman, Ulf"]
[Black "Meyer, Falko"]
[Result "1/2-1/2"]
[WhiteElo "2329"]
[BlackElo "2217"]
[PlyCount "25"]
[EventDate "2023.??.??"]

1. d4 c6 2. c4 d5 3. Nf3 Nf6 4. Nc3 a6 5. Bg5 Ne4 6. Bf4 Nxc3 7. bxc3 dxc4 8. g3 b5 9. Bg2 Bb7 10. a4 e6 11. O-O Bd6 12. e3 O-O 13. Qb1 1/2-1/2

[Event "2BLN 2223 SK Norderstedt - SK König Teg"]
[Site "?"]
[Date "2023.03.19"]
[Round "10.8"]
[White "Hovhannisyan, Artur"]
[Black "Dimitrijeski, Kristian"]
[Result "1-0"]
[WhiteElo "2185"]
[BlackElo "2135"]
[PlyCount "57"]
[EventDate "2023.??.??"]

1. e4 e5 2. Nf3 Nc6 3. Bb5 Nf6 4. O-O Nxe4 5. Re1 Nd6 6. Nxe5 Be7 7. Bd3 Nxe5 8. Rxe5 O-O 9. Nc3 Bf6 10. Re3 g6 11. b3 b6 12. Ba3 c5 13. Qg4 Bb7 14. Rae1 Re8 15. b4 Rxe3 16. Rxe3 Bd4 17. Re2 f5 18. Qf4 Qf6 19. bxc5 bxc5 20. h4 Nf7 21. Bc4 d6 22. Re6 Qd8 23. Rxd6 Qe7 24. Rxd4 Qe1+ 25. Kh2 cxd4 26. Qc7 Qe8 27. Qxb7 Rd8 28. Nd5 Kg7 29. Be7 1-0

[Event "2BLN 2223 SK Doppelbauer Turm Kiel II - "]
[Site "?"]
[Date "2023.03.19"]
[Round "10.1"]
[White "Sawlin, Leonid"]
[Black "Parvanyan, Ashot"]
[Result "1-0"]
[WhiteElo "2394"]
[BlackElo "2434"]
[PlyCount "89"]
[EventDate "2023.??.??"]

1. e4 e5 2. Nf3 Nc6 3. d4 exd4 4. Nxd4 Bc5 5. Nb3 Bb6 6. Nc3 d6 7. Bf4 a5 8. Nd5 Ba7 9. Bb5 Bd7 10. O-O h6 11. Re1 Ne5 12. Bxe5 dxe5 13. Bxd7+ Qxd7 14. Qh5 Qd6 15. Qg4 g6 16. Rad1 Nf6 17. Qh4 Nd7 18. Ne3 Qf6 19. Qg3 Bxe3 20. Qxe3 b6 21. Qc3 O-O-O 22. Rd5 Qe6 23. f3 Rhe8 24. Qc4 Nb8 25. Nd2 c6 26. Rxd8+ Kxd8 27. Qc3 Qd6 28. Qe3 Qd4 29. Qxd4+ exd4 30. f4 c5 31. Kf2 Nc6 32. a3 Kc7 33. Kf3 a4 34. e5 Ne7 35. Ne4 Nd5 36. c3 dxc3 37. bxc3 Kc6 38. c4 Nc7 39. Rd1 Ne6 40. Rd6+ Kb7 41. Rd7+ Kc6 42. Rxf7 Nd4+ 43. Kf2 Nc2 44. Nd6 Rd8 45. Nb5 1-0

[Event "2BLN 2223 SK Doppelbauer Turm Kiel II - "]
[Site "?"]
[Date "2023.03.19"]
[Round "10.2"]
[White "Olsen, Filip Boe"]
[Black "Lagunow, Raphael"]
[Result "1/2-1/2"]
[WhiteElo "2429"]
[BlackElo "2404"]
[PlyCount "83"]
[EventDate "2023.??.??"]

1. d4 Nf6 2. c4 g6 3. Nc3 Bg7 4. e4 d6 5. Be2 O-O 6. Be3 c5 7. d5 e6 8. Nf3 exd5 9. cxd5 Nbd7 10. O-O Ng4 11. Bg5 f6 12. Bh4 g5 13. Bg3 Qe7 14. Nd2 Nde5 15. h3 Nh6 16. f4 gxf4 17. Bxf4 f5 18. Nf3 Nhf7 19. Qd2 Ng6 20. exf5 Nxf4 21. Qxf4 Bxc3 22. bxc3 Qxe2 23. Rae1 Qd3 24. Re4 Bd7 25. Ng5 Nh6 26. f6 Bf5 27. f7+ Nxf7 28. Qxf5 Nxg5 29. Qxg5+ Kh8 30. Ref4 Rxf4 31. Qxf4 Qxc3 32. Qxd6 Qd4+ 33. Kh2 Rg8 34. Rf8 c4 35. Rxg8+ Kxg8 36. Qe6+ Kg7 37. Qe7+ Kg8 38. Qe6+ Kg7 39. Qe7+ Kg6 40. Qe8+ Kg7 41. Qd7+ Kg6 42. Qe6+ 1/2-1/2

[Event "2BLN 2223 SK Doppelbauer Turm Kiel II - "]
[Site "?"]
[Date "2023.03.19"]
[Round "10.3"]
[White "Baskin, Robert"]
[Black "Barseghyan, Armen Ar."]
[Result "1-0"]
[WhiteElo "2438"]
[BlackElo "2382"]
[PlyCount "77"]
[EventDate "2023.??.??"]

1. e4 c5 2. Nf3 Nc6 3. c3 Nf6 4. e5 Nd5 5. Bc4 Nb6 6. Bb3 c4 7. Bc2 d6 8. exd6 Qxd6 9. O-O g6 10. Na3 Bg7 11. b3 cxb3 12. axb3 O-O 13. d4 a6 14. Nc4 Nxc4 15. bxc4 Qc7 16. Re1 b6 17. Ba3 Rd8 18. Qe2 e6 19. Be4 Rb8 20. Rab1 Na5 21. c5 b5 22. Bc1 Bb7 23. Bxb7 Rxb7 24. Ra1 b4 25. cxb4 Nb3 26. Bg5 Nxd4 27. Nxd4 Rxd4 28. Rxa6 Rdxb4 29. Ra8+ Rb8 30. Rxb8+ Qxb8 31. c6 Rb2 32. Qc4 Rb1 33. Rxb1 Qxb1+ 34. Bc1 Qb8 35. c7 Qc8 36. Bf4 e5 37. Be3 Bf8 38. Bb6 Be7 39. Qd5 1-0

[Event "2BLN 2223 SK Doppelbauer Turm Kiel II - "]
[Site "?"]
[Date "2023.03.19"]
[Round "10.4"]
[White "Hector, Jonny"]
[Black "Brodowski, Piotr"]
[Result "1-0"]
[WhiteElo "2465"]
[BlackElo "2462"]
[PlyCount "77"]
[EventDate "2023.??.??"]

1. e4 c5 2. Nf3 Nc6 3. Bb5 g6 4. O-O Bg7 5. c3 Nf6 6. Re1 O-O 7. h3 Qb6 8. a4 Rd8 9. d4 cxd4 10. cxd4 d5 11. e5 Ne4 12. Be3 a6 13. Bxc6 bxc6 14. Qc1 a5 15. Re2 Ba6 16. Rc2 Rac8 17. Ra3 f6 18. Nc3 Qb7 19. Qa1 Bd3 20. Rc1 fxe5 21. dxe5 c5 22. Nb5 Be2 23. Re1 Bc4 24. Qc1 Rb8 25. Bh6 Bxb5 26. axb5 Qxb5 27. Bxg7 Kxg7 28. Ng5 Nxg5 29. Qxg5 Rb7 30. Rf3 Qb4 31. Ree3 Qxb2 32. e6 Rf8 33. Rxf8 Kxf8 34. Rf3+ Kg8 35. Rf7 Qa1+ 36. Kh2 Rb1 37. Qxd5 Rh1+ 38. Kg3 Qc3+ 39. Rf3 1-0

[Event "2BLN 2223 SK Doppelbauer Turm Kiel II - "]
[Site "?"]
[Date "2023.03.19"]
[Round "10.5"]
[White "Stachowiak, Kamil"]
[Black "Arndt, Magnus"]
[Result "1/2-1/2"]
[WhiteElo "2456"]
[BlackElo "2410"]
[PlyCount "35"]
[EventDate "2023.??.??"]

1. d4 Nf6 2. Nf3 d5 3. c4 e6 4. Nc3 h6 5. Bf4 Bd6 6. Bg3 O-O 7. e3 Bxg3 8. hxg3 dxc4 9. Bxc4 c5 10. O-O cxd4 11. Nxd4 Bd7 12. Qb3 Nc6 13. Qxb7 Nd5 14. Qa6 Bc8 15. Qb5 Bd7 16. Qa6 Bc8 17. Qb5 Bd7 18. Qa6 1/2-1/2

[Event "2BLN 2223 SK Doppelbauer Turm Kiel II - "]
[Site "?"]
[Date "2023.03.19"]
[Round "10.6"]
[White "Kopylov, Daniel"]
[Black "Luch, Michal"]
[Result "0-1"]
[WhiteElo "2329"]
[BlackElo "2352"]
[PlyCount "72"]
[EventDate "2023.??.??"]

1. e4 e5 2. Nf3 Nc6 3. Bb5 a6 4. Ba4 Nf6 5. O-O b5 6. Bb3 Bb7 7. Re1 Bc5 8. c3 d6 9. d4 Bb6 10. Be3 O-O 11. Nbd2 h6 12. h3 Re8 13. d5 Ne7 14. Bxb6 cxb6 15. Bc2 Nd7 16. a4 bxa4 17. Bxa4 b5 18. Bc2 Rf8 19. Nb3 a5 20. Bd3 a4 21. Nbd2 Ba6 22. b4 Nb6 23. Nb1 f5 24. Qe2 fxe4 25. Bxe4 Qe8 26. Na3 Rc8 27. Qd3 Rf6 28. Nh2 Rf4 29. Ng4 Qd7 30. Rad1 Kh8 31. g3 Rf7 32. Kg2 Nbxd5 33. Rc1 Nf6 34. Bg6 Bb7+ 35. Kg1 Qc6 36. f3 Nxg6 0-1

[Event "2BLN 2223 SK Doppelbauer Turm Kiel II - "]
[Site "?"]
[Date "2023.03.19"]
[Round "10.7"]
[White "Meister, Jakob"]
[Black "Pajeken, Wolfgang"]
[Result "1/2-1/2"]
[WhiteElo "2444"]
[BlackElo "2253"]
[PlyCount "47"]
[EventDate "2023.??.??"]

1. e4 e5 2. Nc3 Nf6 3. g3 d5 4. exd5 Nxd5 5. Bg2 Nxc3 6. bxc3 Nc6 7. Ne2 Bc5 8. O-O O-O 9. d3 Bg4 10. Be3 Bb6 11. h3 Be6 12. c4 Bxe3 13. fxe3 Qg5 14. Qc1 Rad8 15. Kh2 Qh6 16. Rb1 Bc8 17. Ng1 f5 18. Rb5 a6 19. Rc5 Qd6 20. Rd5 Qb4 21. a3 Qe7 22. Rxd8 Nxd8 23. e4 fxe4 24. Rxf8+ 1/2-1/2

[Event "2BLN 2223 SK Doppelbauer Turm Kiel II - "]
[Site "?"]
[Date "2023.03.19"]
[Round "10.8"]
[White "Ermitsch, Magnus"]
[Black "Lagunow, Alexander"]
[Result "1-0"]
[WhiteElo "2258"]
[BlackElo "2349"]
[PlyCount "71"]
[EventDate "2023.??.??"]

1. e4 c5 2. Nf3 d6 3. d4 cxd4 4. Nxd4 Nf6 5. Nc3 a6 6. Bg5 e6 7. f4 h6 8. Bh4 Nbd7 9. Qe2 e5 10. Bxf6 Nxf6 11. Nf3 exf4 12. O-O-O Qc7 13. Qd2 Be7 14. Qxf4 Be6 15. Nd5 Bxd5 16. exd5 Rc8 17. Bd3 Nxd5 18. Qd4 Nf6 19. g4 Qc5 20. Qf4 Kf8 21. Rhe1 Nd5 22. Qd2 Rc7 23. a3 g6 24. h4 Kg7 25. Kb1 Bf6 26. c4 Nb6 27. g5 hxg5 28. hxg5 Be5 29. b4 Qc6 30. Nxe5 dxe5 31. Qb2 Re7 32. Rxe5 Na4 33. Qd4 Rxe5 34. Qxe5+ Kg8 35. Bc2 f6 36. gxf6 1-0

[Event "2BLN 2223 SV Glückauf Rüdersdorf - SF "]
[Site "?"]
[Date "2023.03.19"]
[Round "10.1"]
[White "Jakubowski, Krzysztof"]
[Black "Heberla, Bartlomiej"]
[Result "1/2-1/2"]
[WhiteElo "2485"]
[BlackElo "2553"]
[PlyCount "91"]
[EventDate "2023.??.??"]

1. c4 e6 2. g3 Nf6 3. Bg2 d5 4. Nf3 Be7 5. O-O O-O 6. d4 dxc4 7. Qc2 a6 8. a4 Bd7 9. Qxc4 Bc6 10. Bg5 Nbd7 11. Nc3 h6 12. Bxf6 Nxf6 13. Rfd1 Bd5 14. Qd3 Bxf3 15. Bxf3 c6 16. e3 Qa5 17. Ne4 Nxe4 18. Qxe4 Rfd8 19. Kg2 Rd7 20. Rdc1 Rad8 21. Rc4 Qb6 22. Rb1 a5 23. Qc2 g6 24. h4 h5 25. b3 Bf8 26. Re1 Bg7 27. Rc5 e5 28. dxe5 Rd2 29. Qc3 Bf8 30. Rc4 R8d3 31. Qc1 Qxb3 32. Rd4 Rxd4 33. exd4 Qa2 34. Rf1 Rxd4 35. Qg5 Qd2 36. Qf6 Bg7 37. Qe7 Qb4 38. Qc7 Qb3 39. Re1 Bf8 40. e6 fxe6 41. Qxa5 Qb4 42. Qe5 Qd6 43. Qg5 Kf7 44. Be4 e5 45. Re3 Kg7 46. Bf3 1/2-1/2

[Event "2BLN 2223 SV Glückauf Rüdersdorf - SF "]
[Site "?"]
[Date "2023.03.19"]
[Round "10.2"]
[White "Kanarek, Marcel"]
[Black "Ahmadinia, Ebrahim"]
[Result "1-0"]
[WhiteElo "2499"]
[BlackElo "2452"]
[PlyCount "87"]
[EventDate "2023.??.??"]

1. e4 e5 2. Nf3 Nc6 3. Bb5 a6 4. Ba4 d6 5. O-O Bd7 6. d4 exd4 7. Re1 Be7 8. Nxd4 Nxd4 9. Bxd7+ Qxd7 10. Qxd4 Bf6 11. Qd3 Ne7 12. c4 Ng6 13. Nc3 Bxc3 14. Qxc3 O-O 15. b3 f5 16. Bb2 Rf7 17. f3 b6 18. Rad1 fxe4 19. Rxe4 a5 20. Rde1 Raf8 21. Qd4 Qf5 22. Rg4 h6 23. Ree4 Kh7 24. h4 Rg8 25. Qe3 Rgf8 26. Bc3 Rg8 27. Qe1 Nf8 28. Kh2 Qd7 29. Qb1 Kh8 30. Qc1 Kh7 31. Qc2 Kh8 32. Qd2 Kh7 33. Qd3 Kh8 34. Qe3 Kh7 35. Qd3 Kh8 36. Re2 Nh7 37. Qg6 Nf6 38. Rf4 Rgf8 39. Bxf6 Rxf6 40. Rxf6 gxf6 41. Qxh6+ Kg8 42. Re4 Rf7 43. Rg4+ Rg7 44. Qxg7+ 1-0

[Event "2BLN 2223 SV Glückauf Rüdersdorf - SF "]
[Site "?"]
[Date "2023.03.19"]
[Round "10.3"]
[White "Lauber, Arnd"]
[Black "Leniart, Arkadiusz"]
[Result "1/2-1/2"]
[WhiteElo "2400"]
[BlackElo "2502"]
[PlyCount "92"]
[EventDate "2023.??.??"]

1. d4 d5 2. c4 e6 3. Nc3 Nf6 4. cxd5 exd5 5. Bg5 c6 6. e3 Bd6 7. Bd3 O-O 8. Qc2 h6 9. Bh4 Re8 10. Nf3 Bg4 11. Nd2 Be6 12. Bg3 Bxg3 13. hxg3 Nbd7 14. O-O c5 15. dxc5 Nxc5 16. Nf3 Rc8 17. Rfd1 Nce4 18. Nd4 Bg4 19. Re1 Nxc3 20. bxc3 Qa5 21. Rec1 Re7 22. Qb3 Rec7 23. c4 Bd7 24. a4 a6 25. Rc2 b5 26. cxb5 Rxc2 27. Nxc2 Rc3 28. Qb4 Qxb4 29. Nxb4 a5 30. b6 Bc8 31. Ba6 Bxa6 32. Nxa6 Rb3 33. Nc7 Rxb6 34. Rd1 Rb4 35. Nxd5 Nxd5 36. Rxd5 Rxa4 37. g4 Ra2 38. Rd8+ Kh7 39. Ra8 g6 40. g3 Kg7 41. Ra6 a4 42. Kg2 a3 43. e4 Kf8 44. Ra7 Ra1 45. e5 a2 46. f4 Kg8 1/2-1/2

[Event "2BLN 2223 SV Glückauf Rüdersdorf - SF "]
[Site "?"]
[Date "2023.03.19"]
[Round "10.4"]
[White "Sieciechowicz, Marcin"]
[Black "Poltorak, Sebastian"]
[Result "1/2-1/2"]
[WhiteElo "2387"]
[BlackElo "2367"]
[PlyCount "80"]
[EventDate "2023.??.??"]

1. d4 Nf6 2. c4 e6 3. Nc3 Bb4 4. Qc2 d5 5. cxd5 exd5 6. Bg5 c5 7. dxc5 h6 8. Bh4 g5 9. Bg3 Ne4 10. e3 Qa5 11. Rc1 Qxa2 12. Bb5+ Bd7 13. Bxd7+ Nxd7 14. Nge2 Nxc3 15. Nxc3 Qc4 16. Rd1 Nxc5 17. Rd4 Qa6 18. h4 O-O-O 19. hxg5 hxg5 20. Rxh8 Rxh8 21. Qf5+ Qe6 22. Qxd5 Qxd5 23. Rxd5 Ne4 24. Be5 Rd8 25. Rb5 Nxc3 26. bxc3 Be7 27. Bd4 a6 28. Rf5 f6 29. Ke2 Rf8 30. g3 Kd7 31. f4 Ke6 32. Ra5 gxf4 33. gxf4 Rh8 34. f5+ Kd7 35. Kf3 Rh3+ 36. Kg2 Rh4 37. Kg3 Rh1 38. Kg2 Rh4 39. Kg3 Rh1 40. Kg2 Rh4 1/2-1/2

[Event "2BLN 2223 SV Glückauf Rüdersdorf - SF "]
[Site "?"]
[Date "2023.03.19"]
[Round "10.5"]
[White "Polzin, Rainer"]
[Black "Maciejczak, Jakub"]
[Result "1/2-1/2"]
[WhiteElo "2398"]
[BlackElo "2359"]
[PlyCount "85"]
[EventDate "2023.??.??"]

1. e4 c6 2. d3 d5 3. Nf3 dxe4 4. dxe4 Qxd1+ 5. Kxd1 Nf6 6. Nfd2 g6 7. a4 h5 8. f3 Bh6 9. Nb3 Bxc1 10. Kxc1 h4 11. Kd2 e5 12. Ke3 Ke7 13. N1d2 Nh5 14. a5 Nf4 15. Rg1 Nd7 16. Bc4 Nf8 17. Nc5 Rb8 18. b4 Kf6 19. Nd3 g5 20. Nf2 Ke7 21. c3 f6 22. g3 N4e6 23. Bb3 Bd7 24. Nc4 Nc7 25. Ke2 Nb5 26. Rac1 Be6 27. Nd2 Rd8 28. Bxe6 Nxe6 29. Ng4 Rd7 30. Nb1 c5 31. bxc5 Nxc5 32. Rcd1 Rxd1 33. Rxd1 hxg3 34. hxg3 Na4 35. Rc1 Ke6 36. Kd3 a6 37. Kc4 Rc8+ 38. Kb4 Nb2 39. Rh1 Nd3+ 40. Kb3 Nc5+ 41. Kb4 Nd3+ 42. Kb3 Nc5+ 43. Kb4 1/2-1/2

[Event "2BLN 2223 SV Glückauf Rüdersdorf - SF "]
[Site "?"]
[Date "2023.03.19"]
[Round "10.6"]
[White "Steczek, Marcin"]
[Black "Lundin, Jan"]
[Result "1-0"]
[WhiteElo "2357"]
[BlackElo "2256"]
[PlyCount "71"]
[EventDate "2023.??.??"]

1. c4 e5 2. Nc3 Nc6 3. Nf3 Nf6 4. g3 g6 5. d4 exd4 6. Nxd4 Bg7 7. Nxc6 bxc6 8. Bg2 O-O 9. O-O a5 10. Qa4 Ra6 11. c5 Qe7 12. Be3 Bb7 13. Rfd1 d5 14. Bd4 Re8 15. Rac1 Bc8 16. e3 Bd7 17. Rd2 Raa8 18. Rcd1 Reb8 19. a3 Be8 20. Re2 Rd8 21. Red2 Rdb8 22. h3 Qe6 23. Re2 Nd7 24. e4 dxe4 25. Rxe4 Qf5 26. g4 Qg5 27. Be3 Qd8 28. Rxe8+ Qxe8 29. Bxc6 Rxb2 30. Bxd7 Qe5 31. Bd4 Qe7 32. Nd5 Qh4 33. Bxb2 Bxb2 34. Qe4 Rb8 35. Rb1 Qxh3 36. Rxb2 1-0

[Event "2BLN 2223 SV Glückauf Rüdersdorf - SF "]
[Site "?"]
[Date "2023.03.19"]
[Round "10.7"]
[White "Rudolf, Henrik"]
[Black "Janaszak, Dawid"]
[Result "1-0"]
[WhiteElo "2269"]
[BlackElo "2322"]
[PlyCount "93"]
[EventDate "2023.??.??"]

1. e4 c5 2. Nf3 Nc6 3. d4 cxd4 4. Nxd4 e5 5. Nb5 d6 6. c4 Be7 7. Bd3 Nf6 8. O-O O-O 9. N1c3 a6 10. Na3 Bg4 11. f3 Be6 12. Be3 Rc8 13. Rf2 Nd7 14. Bf1 h6 15. Kh1 Kh8 16. Rd2 f5 17. Rb1 f4 18. Bg1 Qe8 19. b4 g5 20. Nd5 Bd8 21. c5 dxc5 22. Nc4 Rb8 23. bxc5 Qg6 24. Nd6 g4 25. Rxb7 Rg8 26. Rxb8 Ndxb8 27. fxg4 Bxg4 28. Be2 h5 29. Bf3 Nd7 30. Rb2 Nf8 31. Bxg4 hxg4 32. Rb7 Rg7 33. Rxg7 Qxg7 34. Qa4 Qd7 35. Nf5 Ba5 36. Qd1 f3 37. gxf3 Ne6 38. Qc1 Qh7 39. fxg4 Qh3 40. Qe3 Ng5 41. Qxh3+ Nxh3 42. Be3 Bd8 43. Kg2 Ng5 44. Bxg5 Bxg5 45. h4 Bc1 46. Nfe7 Nd4 47. c6 1-0

[Event "2BLN 2223 SV Glückauf Rüdersdorf - SF "]
[Site "?"]
[Date "2023.03.19"]
[Round "10.8"]
[White "Dudzinski, Piotr"]
[Black "Nogly, Christoph"]
[Result "1/2-1/2"]
[WhiteElo "2345"]
[BlackElo "2234"]
[PlyCount "60"]
[EventDate "2023.??.??"]

1. e4 e5 2. Nf3 Nc6 3. Bc4 Nf6 4. d3 Bc5 5. c3 d6 6. O-O a5 7. Nbd2 O-O 8. Re1 Ba7 9. Bb3 Be6 10. Nf1 Bxb3 11. Qxb3 Qd7 12. a4 h6 13. Be3 Bxe3 14. Nxe3 Rfe8 15. Rad1 Ne7 16. Nh4 Rad8 17. Nhf5 Nxf5 18. Nxf5 d5 19. Ne3 c6 20. exd5 cxd5 21. d4 e4 22. c4 dxc4 23. Qxc4 Nd5 24. Nxd5 Qxd5 25. Qxd5 Rxd5 26. f3 e3 27. Rd3 Red8 28. Rexe3 Rxd4 29. Rxd4 Rxd4 30. Rb3 Rxa4 1/2-1/2